Logo BPK

Biblioteka

Politechniki Koszalińskiej

Wielki słownik angielsko-polski. (Rekord nr 29535)

Szczegóły MARC
000 -ETYKIETA REKORDU
podpole kontrolne o stałej długości 00358nam a2200145 i 4500
001 - NUMER KONTROLNY REKORDU
pole kontrolne bg
040 ## - ŹRÓDŁO KATALOGOWANIA
Instytucja, która utworzyła rekord BPK
041 ## - KOD JĘZYKA
Kod języka tekstu pol
008 - POLE O STAŁEJ DŁUGOŚCI - DANE KONTROLNE
podpole kontrolne o stałej długości s pl f |000 0 pol
100 1# - NAZWA OSOBOWA
Nazwa osobowa STANISŁAWSKI, Jan.
245 #0 - TYTUŁ/ODPOWIEDZIALNOŚĆ
Tytuł Wielki słownik angielsko-polski.
Oznaczenie części/sekcji dzieła T. 2,
Tytuł części/sekcji dzieła O-Z /
Pozostałe elementy strefy tytułu i oznaczenia odpowiedzialności J. Stanisławski.
250 ## - STREFA WYDANIA
Oznaczenie wydania Wyd.11.
260 ## - STREFA ADRESU WYDAWNICZEGO
Miejsce wydania Warszawa,
Data publikacji, dystrybucji/powstania dokumentu 1990.
856 ## - LOKALIZACJA I DOSTĘP DO ELEKTRONICZNYCH DOKUMENTÓW ZDALNYCH
Link (URL) http://koha.tu.koszalin.pl/cgi-bin/koha/opac-detail.pl?biblionumber=29535
Tekst linku Katalog online BPK
942 ## - DODATKOWE ELEMENTY (KOHA)
Typ dokumentu Książka
Egzemplarze
Wycofany Status egzemplarza Uszkodzony Dostępność Lokalizacja stała Lokalizacja bieżąca Miejsce przechowywania Sygnatura Kod kreskowy Typ dokumentu
      Tylko na miejscu Biblioteka Politechniki Koszalińskiej Biblioteka Politechniki Koszalińskiej Czytelnia Wydziałowa ul. Kwiatkowskiego 6e 35741 01583038 Książka
© 2023 Biblioteka Politechniki Koszalińskiej :: KOHA